Republic of Zambia. Daily parliamentary debates, official verbatim report of the debates of the fifth session of the seventh ... (1996) (Record no. 80103)

MARC details
000 -LEADER
fixed length control field 00925nam a2200169 a 4500
008 - FIXED-LENGTH DATA ELEMENTS--GENERAL INFORMATION
fixed length control field 150508s1996 ||||||||||||||||| || u
050 ## - LIBRARY OF CONGRESS CALL NUMBER
Classification number GOV.ZAM(05)DPD/1996/103A
110 ## - MAIN ENTRY--CORPORATE NAME
Corporate name or jurisdiction name as entry element Government of the Republic of Zambia. National Assembly
245 10 - TITLE STATEMENT
Title Republic of Zambia. Daily parliamentary debates, official verbatim report of the debates of the fifth session of the seventh ... (1996)
Statement of responsibility, etc. By the National Assembly
260 ## - PUBLICATION, DISTRIBUTION, ETC.
Place of publication, distribution, etc. Lusaka:
Name of publisher, distributor, etc. Government Printer
Date of publication, distribution, etc. 1996
300 ## - PHYSICAL DESCRIPTION
Extent various pagings
350 ## -
-- 0.00
500 ## - GENERAL NOTE
General note LIBRARY HOLDINGS:19th and 23rd January
650 ## - SUBJECT ADDED ENTRY--TOPICAL TERM
Topical term or geographic name entry element DAILY PARLIAMENTARY DEBATES
995 ## -
-- SPECIAL COLLECTIONS
-- 03005291
-- CBU-MAIN LIBRARY (Kitwe)
-- 0.00
-- GOV.ZAM(05)DPD/1996/103A
-- 1
-- AVAILABLE
-- May 8, 2015
-- 03005291
-- Zambiana Collection
995 ## -
-- SPECIAL COLLECTIONS
-- 03005293
-- CBU-MAIN LIBRARY (Kitwe)
-- 0.00
-- GOV.ZAM(05)DPD/1996/103B
-- 2
-- AVAILABLE
-- May 8, 2015
-- 03005293
-- Zambiana Collection
999 ## -
-- 80103
-- 80103
Holdings
Withdrawn status Lost status Source of classification or shelving scheme Damaged status Not for loan Permanent Location Current Location Shelving location Date acquired Total Checkouts Full call number Barcode Date last seen Copy number Price effective from Koha item type
          CBU-MAIN LIBRARY, KITWE. CBU-MAIN LIBRARY, KITWE.   06/29/2023   GOV.ZAM(05)DPD/1996/103A 03005291 06/29/2023 1 06/29/2023 SPECIAL COLLECTION
          CBU-MAIN LIBRARY, KITWE. CBU-MAIN LIBRARY, KITWE.   06/29/2023   GOV.ZAM(05)DPD/1996/103B 03005293 06/29/2023 2 06/29/2023 SPECIAL COLLECTION